Goods and Services Associated with a Sandy Coastal Plain in Southeastern Brazil (Registro n. 341583)
[ somente texto ]
| 000 -LÍDER | |
|---|---|
| fixed length control field | 02198nab a2200277 i 4500 |
| 003 - CÓDIGO MARC DA AGÊNCIA CATALOGADORA | |
| Campo de controle | BR-BrBNA |
| 005 - DATA E HORA DA ÚLTIMA ATUALIZAÇÃO | |
| Campo de controle | 20260427154258.0 |
| 008 - CAMPO DE TAMANHO FIXO | |
| fixed length control field | 260427b2019 bl.qr|pooa||| 00| 0 eng | |
| 040 ## - FONTE DA CATALOGAÇÃO | |
| Agência catalogadora | BR-BrBNA |
| Idioma da catalogação | eng |
| 072 ## - CATEGORIA AGRIS | |
| Código AGRIS | E11 |
| 072 ## - CATEGORIA AGRIS | |
| Código AGRIS | F40 |
| 072 ## - CATEGORIA AGRIS | |
| Código AGRIS | U40 |
| 100 ## - ENTRADA PRINCIPAL - NOME PESSOAL | |
| Nome pessoal | Ferreira, Mila Letice Sangali Mattos |
| 100 ## - ENTRADA PRINCIPAL - NOME PESSOAL | |
| Nome pessoal | Mello, Tamyris Dias de |
| 100 ## - ENTRADA PRINCIPAL - NOME PESSOAL | |
| Nome pessoal | Dias, Henrique Machado |
| 245 ## - TÍTULO PRINCIPAL | |
| Título principal | Goods and Services Associated with a Sandy Coastal Plain in Southeastern Brazil |
| 500 ## - NOTA GERAL | |
| Nota geral | Publicação on-line; 18 ref.; 2 tables; 3 illus.; Summary (En) |
| 942 ## - ADDED ENTRY ELEMENTS (KOHA) | |
| Koha item type | Analítica |
| 520 ## - NOTA DE RESUMO | |
| Nota de conteúdo | <br/><br/>ABSTRACT<br/><br/>The objective of this study was to identify, characterize and map an area for its different types<br/>of direct and indirect use of native vegetation of sandy coastal plains (Restinga) at “Praia das<br/>Neves”, a district of the municipality of Presidente Kennedy, state of Espírito Santo, Brazil.<br/>Data were collected on site using an orthophotomosaic provided by the State Environmental<br/>Institute (IEMA) on a 1:35,000 scale, where plant formations of sandy coastal plains were<br/>identified and mapped. Six phytophysiognomies were categorized by the following surveying:<br/>Halophyte/Creeping-Psamophyte, Open Scrub Palm, Low Closed Thicket, Open Scrub,<br/>Non-Flooded Forest and Herbaceous Swamp. Vegetation portions were fragmented due to use<br/>for real estate dynamics and cattle raising activity. Among the most prominent and supplied<br/>goods are wood exploitation, vegetable products for food and fresh water supply. Furthermore,<br/>the services identified are water resource maintenance and ecological functions provided by<br/>sandy coastal plain phytophysiognomies.<br/><br/>Keywords: phytophysiognomies, remote sensing, restinga, direct and indirect uses. |
| 650 ## - ASSUNTO - THESAGRO | |
| Cabeçalho tópico ou nome geográfico | SENSORIAMENTO REMOTO |
| 650 ## - ASSUNTO - THESAGRO | |
| Cabeçalho tópico ou nome geográfico | RESTINGA |
| 650 ## - ASSUNTO - THESAGRO | |
| Cabeçalho tópico ou nome geográfico | USO DA TERRA |
| 773 0# - ENTRADA ANALÍTICA | |
| Host Biblionumber | 2929 |
| Registro do item | 347954 |
| Imprenta | Rio de Janeiro-RJ Instituto de Florestas - UFRRJ 1994 |
| Outro identificador | 2025-0453 |
| Título | Floresta e Ambiente (Brazil) |
| ISSN | 1415-0980 / ISSN 2179-8087 0nline |
| Colação | v. 26(special number n.1) p. 1-8; (2019) |
| Número de controle de registro | BR2026001300 |
| 856 ## - ACESSO E ENDEREÇO ELETRÔNICO | |
| Identificador uniforme de recurso - URI | https://www.scielo.br/j/floram/a/rLbMLpqXQygzz969GVKCZMx/?format=pdf&lang=en |
Nenhum exemplar disponível.

BINAGRI